Партработа на современном этапе. Ч. 1: Предприятие (Запись № 13574520)

Подробности
000 -МАРКЕР
контрольное поле 00977nam2a2200241 4500
001 - ИДЕНТИФИКАТОР ЗАПИСИ
контрольное поле rc\2839858
005 - ИДЕНТИФИКАТОР ВЕРСИИ
контрольное поле 20260315045747.0
035 ## - ДРУГИЕ СИСТЕМНЫЕ НОМЕРА
Идентификатор записи (NLR Aleph) 006997455
100 ## - ДАННЫЕ ОБЩЕЙ ОБРАБОТКИ
Данные общей обработки 20110629d1931 u y0rusy50 ca
101 0# - ЯЗЫК РЕСУРСА
Язык текста, звукозаписи и т.д. русский
102 ## - СТРАНА ПУБЛИКАЦИИ ИЛИ ПРОИЗВОДСТВА
Страна публикации российская федерация
105 ## - ПОЛЕ КОДИРОВАННЫХ ДАННЫХ: ТЕКСТОВЫЕ МАТЕРИАЛЫ, МОНОГРАФИЧЕСКИЕ
Кодированные данные о монографическом текстовом документе y z |||||
200 1# - ЗАГЛАВИЕ И СВЕДЕНИЯ ОБ ОТВЕТСТВЕННОСТИ
Основное заглавие Предприятие
210 ## - ПУБЛИКАЦИЯ, РАСПРОСТРАНЕНИЕ И ДР.
Дата издания, распространения и т.д. 1931
215 ## - ФИЗИЧЕСКАЯ ХАРАКТЕРИСТИКА
Специфическое обозначение материала и объем 64 с.
461 #0 - УРОВЕНЬ НАБОРА
Встроенное поле 001rc\2839857
-- 2001#$aПартработа на современном этапе$eЧ. 1-$fЖ. Меерзон$vЧ. 1
-- 700#1$aМеерзон$bЖ. И.$gЖозеф Исаакович$fпарт. деятель$c1894-1938$3RU\NLR\AUTH\770190880
Системный номер (АБИС) связанной записи 5687012
Автор Меерзон, Ж. И. (1894-1938 ; парт. деятель)
Место публикации Москва
Дата публикации 1931
Первые сведения об ответственности Ж. Меерзон
Имя издателя, распространителя и т.д. Огиз
Сведения, относящиеся к заглавию Ч. 1-
Заглавие Партработа на современном этапе
Номер тома Ч. 1
801 #0 - ИСТОЧНИК ЗАПИСИ
Страна российская федерация
Организация NLR
Правила каталогизации psbo
801 #1 - ИСТОЧНИК ЗАПИСИ
Страна российская федерация
Организация ELAR
Источник данных rusmarc
852 ## - МЕСТОНАХОЖДЕНИЕ И ШИФР ХРАНЕНИЯ
Идентификатор организации NLR
Шифр хранения (Call Number) 31-15/148(1)
942 ## - ДОПОЛНИТЕЛЬНЫЕ ЭЛЕМЕНТЫ ЗАПИСИ (АБИС)
Тип экземпляра АБИС Неопределено
980 ## - КОЛЛЕКЦИЯ
Название коллекции Национальная библиография

Нет доступных экземпляров.